[Event "Test anti-draw scoring"]
[Site "SchemingMind.com"]
[Date "2014.09.14"]
[Round "-"]
[White "palberto63"]
[Black "Scooter"]
[Result "1-0"]
[WhiteCountry "CUB"]
[BlackCountry "USA"]
[WhiteElo "1947"]
[WhiteRD "103"]
[BlackElo "1706"]
[BlackRD "48"]
[GameID "364531"]

1. e4 c6 2. c4 d5 3. cxd5 cxd5 4. exd5 Qxd5 5. Nc3 Qd8 6. d4 Nf6 7. Nf3 a6 8. Be3 Bg4 9. d5 Nbd7 10. h3 Bxf3
11. Qxf3 g6 12. Be2 Bg7 13. d6 exd6 14. Qxb7 O-O 15. Rd1 Rb8 16. Qxa6 Rxb2 17. Qa3 Qb8 18. O-O Ne4 19. Nxe4 Rxe2 20. Rxd6 Ne5
21. Rc1 Re8 22. Qa6 Qb2 23. Rdd1 Qxa2 24. Rc8 Qxa6 25. Rxe8+ Bf8 26. Bh6
1-0

[Event "Test anti-draw scoring"]
[Site "SchemingMind.com"]
[Date "2014.09.14"]
[Round "-"]
[White "kenneth m day"]
[Black "palberto63"]
[Result "0-1"]
[WhiteCountry "USA"]
[BlackCountry "CUB"]
[WhiteElo "1669"]
[WhiteRD "52"]
[BlackElo "2120"]
[BlackRD "74"]
[GameID "364532"]

1. e4 c5 2. d4 cxd4 3. c3 dxc3 4. Nxc3 Nc6 5. Nf3 e6 6. Bb5 a6 7. Ba4 Qc7 8. O-O b5 9. Bb3 Nf6 10. Re1 Bd6
11. Bg5 Bb7 12. Rc1 Qb8 13. Qd2 Ne5 14. Rcd1 Nxf3+ 15. gxf3 Bxh2+ 16. Kf1 Bc6 17. f4 h6 18. Bxf6 Bxf4 19. Qd4 gxf6 20. Qxf6 Be5
21. Qf3 b4 22. Na4 Qb5+ 23. Re2 Rg8 24. Rd3 f5 25. Qh5+ Ke7 26. Qh3 Rg5 27. Ke1 Rg1+ 28. Kd2 Bf4+
0-1

[Event "Test anti-draw scoring"]
[Site "SchemingMind.com"]
[Date "2014.09.14"]
[Round "-"]
[White "palberto63"]
[Black "SAMAEL"]
[Result "1-0"]
[WhiteCountry "CUB"]
[BlackCountry "CAN"]
[WhiteElo "2120"]
[WhiteRD "74"]
[BlackElo "1775"]
[BlackRD "48"]
[GameID "364533"]

1. e4 e5 2. Nf3 d6 3. d4 exd4 4. Nxd4 Nf6 5. Nc3 Bd7 6. Be2 Be7 7. O-O O-O 8. Qd3 Nc6 9. Nxc6 Bxc6 10. Be3 Re8
11. Rfe1 h6 12. f4 a6 13. Rad1 Qc8 14. Bd4 Nd7 15. Bg4 Qb8 16. Qg3 f6 17. Bf5 Nf8 18. Re3 Bd7 19. Qg4 Qc8 20. Rg3 g5
21. fxg5 hxg5 22. Nd5 Qd8 23. Qh5 Bxf5 24. exf5 Qd7 25. Rxg5+
1-0

[Event "Test anti-draw scoring"]
[Site "SchemingMind.com"]
[Date "2014.09.14"]
[Round "-"]
[White "Eric111"]
[Black "palberto63"]
[Result "0-1"]
[WhiteCountry "USA"]
[BlackCountry "CUB"]
[WhiteElo "1465"]
[WhiteRD "47"]
[BlackElo "1947"]
[BlackRD "103"]
[GameID "364534"]

1. d4 Nf6 2. c4 e6 3. Nc3 c5 4. Nf3 cxd4 5. Nxd4 Bc5 6. Nf3 O-O 7. e3 d5 8. cxd5 exd5 9. Be2 Be6 10. O-O Nc6
11. a3 a6 12. b4 Bd6 13. Bb2 Rc8 14. Qd3 Ne5 15. Nxe5 Bxe5 16. Bf3 Rc6 17. Rfd1 Bg4 18. Bxg4 Nxg4 19. h3 Nxf2 20. Kxf2 Qf6+
21. Kg1 Bxc3 22. Bxc3 Qxc3 23. Qxd5 Qxe3+ 24. Kh1 g6 25. Re1= Qc3 26. Qd7 b5 27. Qg4 Re6 28. Rxe6 Qxa1+ 29. Kh2 fxe6
0-1

[Event "Test anti-draw scoring"]
[Site "SchemingMind.com"]
[Date "2014.09.14"]
[Round "-"]
[White "palberto63"]
[Black "tiggeronvrb"]
[Result "1-0"]
[WhiteCountry "CUB"]
[BlackCountry "SCO"]
[WhiteElo "1947"]
[WhiteRD "103"]
[BlackElo "1794"]
[BlackRD "68"]
[GameID "364535"]

1. e4 c6 2. c4 e6 3. d4 d5 4. cxd5 exd5 5. exd5 cxd5 6. Nf3 Nf6 7. Bd3 Bd6 8. O-O O-O 9. Nc3 Bg4 10. h3 Bh5
11. Bg5 Be7 12. g4 Bg6 13. Bxg6 hxg6 14. Qb3 Qd7 15. Ne5 Qd8 16. Qxb7 Nbd7 17. Nc6
1-0

[Event "Test anti-draw scoring"]
[Site "SchemingMind.com"]
[Date "2014.09.19"]
[Round "-"]
[White "emvarela"]
[Black "palberto63"]
[Result "0-1"]
[WhiteCountry "ARG"]
[BlackCountry "CUB"]
[WhiteElo "1627"]
[WhiteRD "46"]
[BlackElo "2120"]
[BlackRD "74"]
[GameID "364536"]

1. e4 c5 2. Nf3 d6 3. d4 cxd4 4. Nxd4 Nf6 5. Nc3 a6 6. Be3 e5 7. Nb3 Be7 8. Bd3 O-O 9. O-O Qc7 10. Nd5 Nxd5
11. exd5 f5 12. c4 a5 13. Qc2 a4 14. Nd2 Na6 15. f4 exf4 16. Bxf4 Qc5+ 17. Kh1 Nb4 18. Qc3 Bf6 19. Qa3 Bxb2 20. Qxb2 Nxd3
21. Qc3 Nf2+
0-1

[Event "Test anti-draw scoring"]
[Site "SchemingMind.com"]
[Date "2014.09.14"]
[Round "-"]
[White "ray winteringham"]
[Black "palberto63"]
[Result "0-1"]
[WhiteCountry "ENG"]
[BlackCountry "CUB"]
[WhiteElo "1518"]
[WhiteRD "50"]
[BlackElo "1947"]
[BlackRD "103"]
[GameID "364537"]

1. e4 c5 2. Nc3 d6 3. Nf3 a6 4. Bc4 e6 5. O-O b5 6. Be2 Bb7 7. a3 Nf6 8. d3 Be7 9. h3 Nc6 10. Be3 O-O
11. Nd2 d5 12. Bf4 dxe4 13. Ndxe4 Nxe4 14. Nxe4 f5 15. Ng3 e5 16. Bd2 Bh4 17. Be3 f4 18. Bxc5 fxg3 19. fxg3 Rxf1+ 20. Qxf1 Bxg3
21. Qf5 Qd5 22. Rf1 Ne7 23. Qf3 Qxc5+ 24. Kh1 Bxf3
0-1

[Event "Test anti-draw scoring"]
[Site "SchemingMind.com"]
[Date "2014.09.14"]
[Round "-"]
[White "klapa"]
[Black "palberto63"]
[Result "0-1"]
[WhiteCountry "POL"]
[BlackCountry "CUB"]
[WhiteElo "1404"]
[WhiteRD "61"]
[BlackElo "1947"]
[BlackRD "103"]
[GameID "364538"]

1. d4 Nf6 2. Nf3 e6 3. c4 c5 4. e3 d5 5. dxc5 Bxc5 6. Bd3 dxc4 7. Be4 Qxd1+ 8. Kxd1 Nxe4 9. Ke2 O-O 10. Rd1 Nc6
11. Kf1 e5 12. Kg1 Bg4 13. Nc3 Rad8 14. a3 Rxd1+ 15. Nxd1 Rd8 16. Nc3 Nxc3 17. h3 Bxf3 18. gxf3 Rd1+ 19. Kg2 Ne2 20. a4 Rg1+
21. Kh2 Rxc1 22. Ra3 Bxa3 23. bxa3 c3 24. f4 Rg1 25. a5 c2 26. fxe5 Nxe5 27. f4 Nf3#
0-1

[Event "Test anti-draw scoring"]
[Site "SchemingMind.com"]
[Date "2014.09.14"]
[Round "-"]
[White "palberto63"]
[Black "Stephen Woodhouse"]
[Result "1-0"]
[WhiteCountry "CUB"]
[BlackCountry "ENG"]
[WhiteElo "1947"]
[WhiteRD "103"]
[BlackElo "1838"]
[BlackRD "49"]
[GameID "364539"]

1. e4 e6 2. c4 d5 3. cxd5 exd5 4. exd5 Nf6 5. Bb5+ Bd7 6. Bc4 Bc5 7. d4 Qe7+ 8. Ne2 Bb4+ 9. Nc3 O-O 10. O-O Re8
11. a3 Bxc3 12. Nxc3 Bf5 13. Bf4 Nbd7 14. Bxc7 Rac8 15. d6 Qf8 16. Qf3 Bg6 17. Qxb7 Ne4 18. Bb5 Nxc3 19. Bxd7
1-0

[Event "Test anti-draw scoring"]
[Site "SchemingMind.com"]
[Date "2014.09.14"]
[Round "-"]
[White "e7e5"]
[Black "Robert Bruce"]
[Result "0-1"]
[WhiteCountry "POL"]
[BlackCountry "SCO"]
[WhiteElo "1431"]
[WhiteRD "76"]
[BlackElo "2038"]
[BlackRD "86"]
[GameID "364546"]

1. e4 Nf6 2. e5 Nd5 3. c4 Nb6 4. c5 Nd5 5. Bc4 e6 6. d4 b6 7. Nf3 Be7 8. Bxd5 exd5 9. Nc3 c6 10. b4 Ba6
11. a4 bxc5 12. b5 Bb7 13. Bd2 d6 14. O-O dxe5 15. Nxe5 cxd4 16. Qf3 O-O 17. Ne2 c5 18. Qg3 a6 19. Rfb1 axb5 20. Bh6 Bf6
21. Nf3 Kh8 22. Bg5 Bxg5 23. Nxg5 Qe7 24. a5 Qxe2 25. Re1 Qh5 26. h3 Nc6 27. Nf3 Qg6 28. Qc7 Bc8 29. Nxd4 Nxd4 30. Qxc5 Nf3+
31. Kh1 Bxh3 32. g3 Qh5
0-1

[Event "Test anti-draw scoring"]
[Site "SchemingMind.com"]
[Date "2014.09.14"]
[Round "-"]
[White "Eric111"]
[Black "Robert Bruce"]
[Result "0-1"]
[WhiteCountry "USA"]
[BlackCountry "SCO"]
[WhiteElo "1483"]
[WhiteRD "46"]
[BlackElo "2038"]
[BlackRD "86"]
[GameID "364547"]

1. d4 d5 2. c4 e6 3. e3 Nf6 4. Nc3 Be7 5. Nf3 O-O 6. cxd5 exd5 7. Be2 c5 8. dxc5 Bxc5 9. Nb5 Nc6 10. b3 a6
11. Nbd4 Nxd4 12. Nxd4 Ne4 13. O-O Nc3 14. Qc2 Bxd4 15. exd4 Nxe2+ 16. Qxe2 Re8 17. Qd3 Bd7 18. Qg3 Rc8 19. Bh6 Qf6 20. Be3 a5
21. a4 Rc3 22. Rab1 Qb6 23. h4 Rxb3 24. Rxb3 Qxb3 25. h5 Qxa4 26. h6 g6 27. Qg5 Qc6 28. Re1 f6 29. Qg3 Qb6 30. Qf3 Qd6
31. Rd1 Re4 32. Re1 b5 33. Ra1 Bg4 34. Qf4 Rxf4
0-1

[Event "Test anti-draw scoring"]
[Site "SchemingMind.com"]
[Date "2014.09.14"]
[Round "-"]
[White "Robert Bruce"]
[Black "tiggeronvrb"]
[Result "1-0"]
[WhiteCountry "SCO"]
[BlackCountry "SCO"]
[WhiteElo "2044"]
[WhiteRD "92"]
[BlackElo "1794"]
[BlackRD "68"]
[GameID "364548"]

1. f4 d5 2. Nf3 Nf6 3. e3 c5 4. Be2 Nc6 5. O-O e6 6. b3 Bd6 7. Bb2 O-O 8. d4 cxd4 9. Nxd4 Bd7 10. c4 Rc8
11. Nc3 a6 12. Rc1 Qb6 13. Na4 Qa7 14. Nxc6 Bxc6 15. Bd4 Qb8 16. Nb6 Rcd8 17. Bxf6 gxf6 18. cxd5 exd5 19. Rf3 Kh8 20. Rh3 Rg8
21. Bd3 Rg7 22. Qh5
1-0

[Event "Test anti-draw scoring"]
[Site "SchemingMind.com"]
[Date "2014.09.19"]
[Round "-"]
[White "emvarela"]
[Black "Robert Bruce"]
[Result "0-1"]
[WhiteCountry "ARG"]
[BlackCountry "SCO"]
[WhiteElo "1627"]
[WhiteRD "46"]
[BlackElo "2038"]
[BlackRD "86"]
[GameID "364549"]

1. e4 c6 2. d4 d5 3. Nc3 dxe4 4. Nxe4 Bf5 5. Ng3 Bg6 6. h4 h6 7. Nf3 Nd7 8. h5 Bh7 9. Bd3 Bxd3 10. Qxd3 e6
11. Bf4 Qa5+ 12. c3 Ngf6 13. Ne5 Nxe5 14. Bxe5 O-O-O 15. Bxf6 gxf6 16. Ne4 Rg8 17. g3 f5 18. Nf6 Rh8 19. Qe3 Bg7 20. Ne4 fxe4
21. Qxe4 Rxd4
0-1

[Event "Test anti-draw scoring"]
[Site "SchemingMind.com"]
[Date "2014.09.14"]
[Round "-"]
[White "Robert Bruce"]
[Black "Phillip Beckett"]
[Result "1-0"]
[WhiteCountry "SCO"]
[BlackCountry "ENG"]
[WhiteElo "2044"]
[WhiteRD "92"]
[BlackElo "1606"]
[BlackRD "49"]
[GameID "364550"]

1. d4 d5 2. c4 e6 3. Nc3 Nf6 4. cxd5 Nxd5 5. e4 Nxc3 6. bxc3 c5 7. Nf3 cxd4 8. cxd4 Bb4+ 9. Bd2 Qa5 10. Rb1 Bxd2+
11. Qxd2 Qxd2+ 12. Kxd2 Nc6 13. Bb5 Bd7 14. d5 exd5 15. exd5 Na5 16. Rhe1+ Kd8 17. Bxd7 Kxd7 18. Ne5+ Kc7 19. Rec1+ Kb8 20. Nd7#
1-0

[Event "Test anti-draw scoring"]
[Site "SchemingMind.com"]
[Date "2014.09.14"]
[Round "-"]
[White "Scooter"]
[Black "Robert Bruce"]
[Result "0-1"]
[WhiteCountry "USA"]
[BlackCountry "SCO"]
[WhiteElo "1752"]
[WhiteRD "44"]
[BlackElo "2038"]
[BlackRD "86"]
[GameID "364551"]

1. d4 f5 2. Nf3 Nf6 3. Bf4 d6 4. e3 g6 5. Be2 Ne4 6. Nbd2 Bg7 7. O-O e5 8. dxe5 dxe5 9. Nxe4 Qxd1 10. Raxd1 exf4
11. Nc3 Bxc3 12. bxc3 fxe3 13. fxe3 Nc6 14. Bb5 Bd7 15. Bxc6 Bxc6 16. Nd4 Bd5 17. Nb3 O-O-O 18. Rd2 Bxb3 19. Rxd8+ Rxd8 20. cxb3 b5
21. Rc1 Rd7 22. Rc2 c5 23. Kf2 c4 24. Ke2 a5 25. Rd2 Rxd2+ 26. Kxd2 cxb3 27. axb3 Kb7 28. g3 g5 29. Kd3 Kb6 30. Kd4 a4
31. bxa4 bxa4
0-1

[Event "Test anti-draw scoring"]
[Site "SchemingMind.com"]
[Date "2014.09.14"]
[Round "-"]
[White "Robert Bruce"]
[Black "kenneth m day"]
[Result "1-0"]
[WhiteCountry "SCO"]
[BlackCountry "USA"]
[WhiteElo "2038"]
[WhiteRD "86"]
[BlackElo "1669"]
[BlackRD "52"]
[GameID "364552"]

1. f4 e5 2. fxe5 d6 3. exd6 Bxd6 4. Nf3 Nf6 5. d4 Bg4 6. e4 Nxe4 7. Bd3 Qe7 8. O-O f5 9. Nbd2 O-O 10. c3 Nd7
11. Re1 Qf6 12. Nxe4 fxe4 13. Bxe4 c6 14. Qb3+ Kh8 15. Bg5 Qf7 16. Qxb7 Bxf3 17. Bxf3 h6 18. Qxc6 Bxh2+ 19. Kxh2 hxg5 20. Qxa8 Rxa8
21. Bxa8 Qf4+ 22. Kg1 Nf6 23. Rab1 Ng4 24. Bf3 Ne3 25. Re2 Nf5 26. Rf1 Ng3 27. Re8+ Kh7 28. Be4+
1-0

[Event "Test anti-draw scoring"]
[Site "SchemingMind.com"]
[Date "2014.09.14"]
[Round "-"]
[White "ray winteringham"]
[Black "Robert Bruce"]
[Result "0-1"]
[WhiteCountry "ENG"]
[BlackCountry "SCO"]
[WhiteElo "1522"]
[WhiteRD "52"]
[BlackElo "2038"]
[BlackRD "86"]
[GameID "364553"]

1. e4 c6 2. d4 d5 3. e5 Bf5 4. c3 e6 5. Bd3 Qb6 6. Bxf5 exf5 7. Ne2 c5 8. Nf4 cxd4 9. cxd4 Nc6 10. Ne2 f6
11. b3 Bb4+ 12. Bd2 Nxd4 13. O-O Bxd2 14. Nxd2 fxe5 15. Kh1 Nxe2 16. Qxe2 e4 17. f3 Nf6 18. fxe4 fxe4 19. Rxf6 Qxf6 20. Rf1 Qe6
21. Qb5+ Qc6 22. Qb4 O-O-O 23. Qa3 Kb8 24. Rc1 Qf6 25. h3 e3 26. Nf3 d4 27. Qc5 Rhe8 28. Nxd4 Rc8 29. Qa3 Rxc1+
0-1

[Event "Test anti-draw scoring"]
[Site "SchemingMind.com"]
[Date "2014.09.14"]
[Round "-"]
[White "klapa"]
[Black "Robert Bruce"]
[Result "0-1"]
[WhiteCountry "POL"]
[BlackCountry "SCO"]
[WhiteElo "1465"]
[WhiteRD "59"]
[BlackElo "2038"]
[BlackRD "86"]
[GameID "364555"]

1. e4 Nf6 2. Nc3 e5 3. d3 Bc5 4. Nd5 Nxd5 5. exd5 c6 6. c4 Qa5+ 7. Bd2 Qb6 8. Be2 Bxf2+ 9. Kf1 cxd5 10. Nh3 Bd4
11. Qe1 Qxb2 12. Rb1 Qxa2 13. cxd5 d6 14. Ng5 O-O 15. Rb4 Na6 16. Rc4 b5 17. Rc6 Nc5 18. Rxd6 Bf5 19. h4 Nxd3 20. Qg3 Qxd2
21. Rc6 e4 22. h5 Bg4 23. h6 Bxe2#
0-1

[Event "Test anti-draw scoring"]
[Site "SchemingMind.com"]
[Date "2014.09.14"]
[Round "-"]
[White "Robert Bruce"]
[Black "Stephen Woodhouse"]
[Result "1-0"]
[WhiteCountry "SCO"]
[BlackCountry "ENG"]
[WhiteElo "2044"]
[WhiteRD "92"]
[BlackElo "1838"]
[BlackRD "49"]
[GameID "364556"]

1. d4 e6 2. c4 f5 3. Nc3 Nf6 4. f3 Bb4 5. Bd2 O-O 6. a3 Be7 7. e3 b6 8. Nh3 Bb7 9. Bd3 h6 10. O-O g5
11. b4 d6 12. d5 exd5 13. cxd5 Ba6 14. Bxa6 Nxa6 15. Nf2 Qd7 16. Qe2 Nb8 17. f4 gxf4 18. Rae1 Rf7 19. e4 Nxe4 20. Nfxe4 fxe4
21. Nxe4 Bh4 22. Qh5 Bxe1 23. Qg6+ Rg7 24. Nf6+ Kh8 25. Qxh6+
1-0

[Event "Test anti-draw scoring"]
[Site "SchemingMind.com"]
[Date "2014.09.14"]
[Round "-"]
[White "Robert Bruce"]
[Black "palberto63"]
[Result "0-1"]
[WhiteCountry "SCO"]
[BlackCountry "CUB"]
[WhiteElo "2038"]
[WhiteRD "86"]
[BlackElo "2120"]
[BlackRD "74"]
[GameID "364557"]

1. c4 Nf6 2. g3 e5 3. Bg2 Bc5 4. Nc3 Nc6 5. Nf3 d6 6. O-O Be6 7. d3 h6 8. Be3 Bxe3 9. fxe3 O-O 10. Qb3 Rb8
11. Nd2 Ng4 12. Nd5 Na5 13. Qa3 c6 14. h3 cxd5 15. hxg4 dxc4 16. g5 cxd3 17. exd3 hxg5 18. b4 Nc6 19. b5 Ne7 20. Qxa7 Nf5
21. Rf2 Nxg3 22. Rc1 g4 23. Nf1 Nxf1 24. Kxf1 f5 25. Kg1 Rf7 26. Qa4 Ra8 27. Qb4 f4 28. Qe4 f3 29. d4 Qh4 30. dxe5 d5
31. Qd4 Qh7 32. Rd2 g3 33. Bxf3 Rxf3 34. Qd3 Qh5 35. a4 Raf8 36. Qe2 g2 37. Qxg2 Bh3 38. Qxf3 Rxf3 39. a5 Rg3+ 40. Kh2 Qh4
41. Rg2 Bxg2+ 42. Kg1 Bf3+
0-1

[Event "Test anti-draw scoring"]
[Site "SchemingMind.com"]
[Date "2014.09.14"]
[Round "-"]
[White "Ramesh Panwar"]
[Black "e7e5"]
[Result "1-0"]
[WhiteCountry "IND"]
[BlackCountry "POL"]
[WhiteElo "2110"]
[WhiteRD "88"]
[BlackElo "1534"]
[BlackRD "123"]
[GameID "364561"]

1. e4 e5 2. Nc3 Nf6 3. Nf3 d6 4. d4 Nc6 5. d5 Ne7 6. Bc4 a6 7. a4 Bg4 8. O-O Ng6 9. h3 Bxf3 10. Qxf3 Be7
11. Be2 O-O 12. a5 c6 13. dxc6 bxc6 14. Bc4 Qd7 15. Rd1 Rab8 16. Bxa6 d5 17. exd5 cxd5 18. Nxd5 e4 19. Qxf6 Qxd5 20. Qxg7+ Kxg7
21. Rxd5 Rfd8 22. Rxd8 Rxd8 23. Bf1 Bc5 24. a6 Ne5 25. Ra4 Rd1 26. Be3 Nd7 27. Bxc5 Nxc5 28. a7 Nxa4 29. a8=Q Nc5 30. b4 Ne6
31. Qxe4 h5 32. Qe5+
1-0

[Event "Test anti-draw scoring"]
[Site "SchemingMind.com"]
[Date "2014.09.14"]
[Round "-"]
[White "tiggeronvrb"]
[Black "Ramesh Panwar"]
[Result "0-1"]
[WhiteCountry "SCO"]
[BlackCountry "IND"]
[WhiteElo "1794"]
[WhiteRD "68"]
[BlackElo "2110"]
[BlackRD "88"]
[GameID "364562"]

1. e4 e5 2. Nf3 Nc6 3. Bb5 Nf6 4. d3 Bc5 5. O-O d6 6. h3 O-O 7. Bg5 h6 8. Bh4 a6 9. Ba4 b5 10. Bb3 Na5
11. Nc3 c6 12. Ne2 g5 13. Bg3 Bb6 14. c3 Nxb3 15. axb3 Re8 16. Re1 Bd7 17. Kh2 Qe7 18. Qd2 Qe6 19. d4 Nxe4 20. Qd3 Qf5
21. dxe5 Nxg3
0-1

[Event "Test anti-draw scoring"]
[Site "SchemingMind.com"]
[Date "2014.09.15"]
[Round "-"]
[White "Phillip Beckett"]
[Black "Ramesh Panwar"]
[Result "0-1"]
[WhiteCountry "ENG"]
[BlackCountry "IND"]
[WhiteElo "1606"]
[WhiteRD "49"]
[BlackElo "2110"]
[BlackRD "88"]
[GameID "364564"]

1. e4 e5 2. Nf3 Nc6 3. Bb5 Nf6 4. d3 Bc5 5. O-O d6 6. c3 O-O 7. h3 Bd7 8. Ba4 a6 9. Nbd2 b5 10. Bc2 Qe7
11. Re1 Bb6 12. Nf1 h6 13. Ne3 Bxe3 14. Bxe3 b4 15. c4 Na5 16. Bd2 Rfb8 17. b3 c5 18. Qe2 Nc6 19. a3 a5 20. a4 Re8
21. Bd1 Nh5 22. Nxe5 Qxe5 23. Qxh5 Qxa1 24. Bxh6 gxh6 25. Re3 Re7 26. Rg3+ Kh7 27. Kh2 Qf6 28. Bf3 Re5
0-1

[Event "Test anti-draw scoring"]
[Site "SchemingMind.com"]
[Date "2014.09.15"]
[Round "-"]
[White "Ramesh Panwar"]
[Black "Scooter"]
[Result "1-0"]
[WhiteCountry "IND"]
[BlackCountry "USA"]
[WhiteElo "2110"]
[WhiteRD "88"]
[BlackElo "1706"]
[BlackRD "48"]
[GameID "364565"]

1. e4 c6 2. d4 d5 3. Nc3 dxe4 4. Nxe4 Bf5 5. Ng3 Bg6 6. Nf3 Nd7 7. Be2 Qc7 8. O-O O-O-O 9. c4 e6 10. a4 Ngf6
11. a5 a6 12. Bg5 Be7 13. Qd2 h6 14. Bf4 Bd6 15. Bxd6 Qxd6 16. b4 Ne4 17. Qb2 Nxg3 18. hxg3 Be4 19. b5 Bxf3 20. Bxf3 Nf6
21. bxc6 bxc6 22. Qb6 Qc7 23. Bxc6 Qxb6 24. axb6
1-0

[Event "Test anti-draw scoring"]
[Site "SchemingMind.com"]
[Date "2014.09.15"]
[Round "-"]
[White "kenneth m day"]
[Black "Ramesh Panwar"]
[Result "0-1"]
[WhiteCountry "USA"]
[BlackCountry "IND"]
[WhiteElo "1669"]
[WhiteRD "52"]
[BlackElo "2162"]
[BlackRD "60"]
[GameID "364566"]

1. e4 e5 2. f4 exf4 3. Nf3 Be7 4. Nc3 Bh4+ 5. Ke2 d5 6. Nxd5 Bg4 7. d4 Nf6 8. Qd3 Nxd5 9. exd5 Qxd5 10. Bxf4 O-O
11. Kd2 Bf6 12. c3 Bf5 13. Qc4 Qe4 14. Be3 Re8 15. Qd3 Qe6 16. Qe2 Nc6 17. Ne5 Nxe5 18. dxe5 Rad8+ 19. Ke1 Bg4 20. Qf2 Qxa2
21. Rc1 Rxe5 22. h3 Qxb2 23. Qxb2 Bh4+ 24. Qf2 Rxe3+ 25. Be2 Rxe2+ 26. Kf1 Rxf2+
0-1

[Event "Test anti-draw scoring"]
[Site "SchemingMind.com"]
[Date "2014.09.14"]
[Round "-"]
[White "Ramesh Panwar"]
[Black "SAMAEL"]
[Result "1-0"]
[WhiteCountry "IND"]
[BlackCountry "CAN"]
[WhiteElo "2162"]
[WhiteRD "60"]
[BlackElo "1775"]
[BlackRD "48"]
[GameID "364567"]

1. d4 d5 2. Bf4 Bf5 3. e3 Nc6 4. Nc3 Nb4 5. Bb5+ c6 6. Ba4 e6 7. a3 Na6 8. Nf3 Nf6 9. Ne5 Nd7 10. g4 Nxe5
11. gxf5 Nd7 12. fxe6 fxe6 13. Qg4 Qe7 14. O-O-O Nf6 15. Qg2 g6 16. e4 Kf7 17. Qf3 dxe4 18. Nxe4 Nxe4 19. Qxe4 Bg7 20. Bb3 Rhe8
21. Rhe1 Rad8 22. h4 Rd7 23. h5 Qf6 24. c3 Nc7 25. Bxc7 Rxc7 26. hxg6+ hxg6 27. Rd3 Bh6+ 28. Kb1 Kg7 29. Rf3 Qd8 30. Rg1 g5
31. Qe5+ Kh7 32. Rh1 Qe7 33. Rxh6+ Kxh6 34. Rh3+ Kg6 35. Bc2+
1-0

[Event "Test anti-draw scoring"]
[Site "SchemingMind.com"]
[Date "2014.09.14"]
[Round "-"]
[White "Ramesh Panwar"]
[Black "klapa"]
[Result "1-0"]
[WhiteCountry "IND"]
[BlackCountry "POL"]
[WhiteElo "2110"]
[WhiteRD "88"]
[BlackElo "1404"]
[BlackRD "61"]
[GameID "364568"]

1. d4 g6 2. e4 Bg7 3. Nc3 Nc6 4. d5 Nb4 5. Nf3 d6 6. a3 e6 7. axb4 Bd7 8. dxe6 Bxe6 9. Ng5 Qd7 10. Nxe6 Qxe6
11. Nb5 Qxe4+ 12. Be2 Qxg2 13. Nxc7+ Kf8 14. Bf3 Qh3 15. Qxd6+ Ne7 16. Nxa8 Bh6 17. Bxh6+ Qxh6 18. Qb8+ Kg7 19. Qe5+ f6 20. Qxe7+ Kg8
21. Bd5#
1-0

[Event "Test anti-draw scoring"]
[Site "SchemingMind.com"]
[Date "2014.09.14"]
[Round "-"]
[White "Robert Bruce"]
[Black "Ramesh Panwar"]
[Result "0-1"]
[WhiteCountry "SCO"]
[BlackCountry "IND"]
[WhiteElo "2038"]
[WhiteRD "86"]
[BlackElo "2162"]
[BlackRD "60"]
[GameID "364569"]

1. f4 d5 2. Nf3 Nf6 3. e3 Nc6 4. Bb5 Bd7 5. b3 e6 6. O-O Be7 7. Bb2 O-O 8. Nc3 d4 9. Na4 dxe3 10. dxe3 a6
11. Bd3 Nb4 12. Nc3 Bb5 13. Ne5 Bxd3 14. cxd3 Nfd5 15. Nxd5 Nxd5 16. Qe2 f6 17. Nc4 b5 18. Rad1 Bb4 19. a3 Bc3 20. e4 Bxb2
21. Qxb2 Nxf4 22. Rxf4 bxc4 23. bxc4 Rb8 24. Qc3 c5 25. e5 Qc7 26. Re1 Rfd8 27. Rff1 f5 28. Rb1 Qd7 29. Rfe1 Rxb1 30. Rxb1 Qxd3
31. Qxd3 Rxd3 32. Rb8+ Kf7 33. Rc8 Rxa3 34. Rxc5 f4 35. Rc7+ Kg6 36. Re7 Kf5 37. Rxg7 h6 38. Rh7 a5 39. Rxh6 a4 40. Rh8 Rc3
41. Ra8 Rxc4 42. Ra5 Rc1+ 43. Kf2 Rc2+ 44. Kf1 Ra2 45. Kg1 a3 46. h3 Ra1+ 47. Kf2 a2 48. Ra8 Kxe5 49. h4 Kf5 50. Ra5+ e5
51. h5 f3 52. Kg3 fxg2 53. Kxg2= Kf6 54. Ra6+ Kg7 55. Ra7+ Kh6 56. Ra5 e4 57. Ra8 e3 58. Kf3 Rf1+ 59. Kxe3 a1=Q
0-1

[Event "Test anti-draw scoring"]
[Site "SchemingMind.com"]
[Date "2014.09.14"]
[Round "-"]
[White "Eric111"]
[Black "Ramesh Panwar"]
[Result "0-1"]
[WhiteCountry "USA"]
[BlackCountry "IND"]
[WhiteElo "1465"]
[WhiteRD "47"]
[BlackElo "2110"]
[BlackRD "88"]
[GameID "364570"]

1. d4 d5 2. c4 e6 3. e3 h5 4. Nf3 Nf6 5. h4 Be7 6. Nc3 O-O 7. Bd3 dxc4 8. Bxc4 c5 9. dxc5 Qxd1+ 10. Nxd1 Nbd7
11. b4 a5 12. Bd2 Ne4 13. Rb1 Nxd2 14. Kxd2 axb4 15. Rxb4 Rd8 16. Ke2 Nxc5 17. Nb2 Ne4 18. Nd3 Nc3+ 19. Kd2 Bxb4 20. Kc2 Ba5
0-1

[Event "Test anti-draw scoring"]
[Site "SchemingMind.com"]
[Date "2014.09.14"]
[Round "-"]
[White "ray winteringham"]
[Black "Ramesh Panwar"]
[Result "0-1"]
[WhiteCountry "ENG"]
[BlackCountry "IND"]
[WhiteElo "1518"]
[WhiteRD "50"]
[BlackElo "2110"]
[BlackRD "88"]
[GameID "364571"]

1. e4 e5 2. Nf3 Nc6 3. Bb5 a6 4. Bxc6 dxc6 5. O-O Bg4 6. h3 Bxf3 7. Qxf3 Bd6 8. Nc3 Qf6 9. Qe3 Ne7 10. Ne2 O-O
11. d3 Qe6 12. b3 f5 13. exf5 Nxf5 14. c4 Nxe3 15. Bxe3 Rad8 16. Rfe1 Qg6 17. f3 Rxf3 18. Bf2 Rdf8 19. g3 Rxf2
0-1

[Event "Test anti-draw scoring"]
[Site "SchemingMind.com"]
[Date "2014.09.15"]
[Round "-"]
[White "Ramesh Panwar"]
[Black "Stephen Woodhouse"]
[Result "1-0"]
[WhiteCountry "IND"]
[BlackCountry "ENG"]
[WhiteElo "2110"]
[WhiteRD "88"]
[BlackElo "1838"]
[BlackRD "49"]
[GameID "364572"]

1. c4 e6 2. Nc3 f5 3. d4 Nf6 4. Nf3 Bb4 5. g3 O-O 6. Bg2 Ne4 7. O-O Nxc3 8. bxc3 Bxc3 9. Rb1 c5 10. Bg5 Qe8
11. dxc5 Nc6 12. Qd3 Bf6 13. Rfd1 Bxg5 14. Nxg5 Qe7 15. Qe3 Rb8 16. Nxe6 dxe6 17. Bxc6 Kf7 18. Qe5
1-0

[Event "Test anti-draw scoring"]
[Site "SchemingMind.com"]
[Date "2014.09.15"]
[Round "-"]
[White "palberto63"]
[Black "Ramesh Panwar"]
[Result "1-0"]
[WhiteCountry "CUB"]
[BlackCountry "IND"]
[WhiteElo "1947"]
[WhiteRD "103"]
[BlackElo "2110"]
[BlackRD "88"]
[GameID "364573"]

1. e4 e5 2. Nf3 Nc6 3. d4 exd4 4. Bc4 Nf6 5. e5 Ng4 6. O-O d6 7. exd6 Qxd6 8. h3 Nf6 9. Re1+ Be7 10. b3 O-O
11. Ba3 Qd7 12. Bxe7 Nxe7 13. Qxd4 Qxd4 14. Nxd4 Nf5 15. Nf3 Bd7 16. Nc3 Nd6 17. Ne5 Bf5 18. Bd3 Bxd3 19. Nxd3 Rfe8 20. Rad1 a6
21. f3 g6 22. Kf2 Kg7 23. a4 Rad8 24. Rxe8 Rxe8 25. Nf4 Rd8 26. g4 h6 27. Rd3 Rd7 28. h4 a5 29. Nd1 g5 30. Nd5 gxh4
31. Nxf6 Kxf6 32. Ne3 Ke6 33. Rd5 Ne8 34. Rxa5 Nf6 35. Nc4 Nd5 36. Rc5 f6 37. Ne3 Nxe3 38. Kxe3 Rd5 39. Rxc7 h3 40. Kf2 Rd2+
41. Kg1 Ke5 42. Rc4 Rg2+ 43. Kh1 Rf2 44. a5 Rxf3 45. Kh2 Kd6 46. b4 Re3 47. Rc5 Re4 48. Rb5 Kc7 49. Kxh3 Rc4 50. Rc5+ Rxc5
51. bxc5 Kc6= 52. Kh4 Kxc5 53. Kh5 Kd5 54. Kxh6 Ke6 55. Kg6 Ke5 56. c4 Kf4 57. Kxf6 Kxg4 58. Ke5 Kg5 59. c5 Kg6 60. c6 bxc6
61. a6
1-0